| 000 | 00597nam a2200181Ia 4500 | ||
|---|---|---|---|
| 003 | GCL | ||
| 008 | 140319s9999 xx 000 0 ara d | ||
| 040 |
_aGCL / _cGCL |
||
| 082 | 0 | 4 |
_a923.1 _bج ا |
| 100 | 1 | _aج.ان جييسر | |
| 245 | 1 | 0 |
_aامير حرب العصابات: القصة غير المعلنة لفيدل كاسترو / _cج.ان جييسر |
| 700 | 1 | _aاسامة عبدالحكيم ذكى | |
| 260 |
_a[S.N] : _bدار قرطبة للنشر والتوثيق والابحاث ، _c1993 |
||
| 300 | _a446 | ||
| 490 | _a | ||
| 650 | 0 | 4 | _aفيدل كاسترو |
| 942 |
_2ddc _cBK |
||
| 999 |
_c39584 _d39584 |
||